<?xml version="1.0" encoding="UTF-8"?><?xml-stylesheet type="text/xsl" href="static/style.xsl"?><OAI-PMH xmlns="http://www.openarchives.org/OAI/2.0/" xmlns:xsi="http://www.w3.org/2001/XMLSchema-instance" xsi:schemaLocation="http://www.openarchives.org/OAI/2.0/ http://www.openarchives.org/OAI/2.0/OAI-PMH.xsd"><responseDate>2026-06-01T14:57:02Z</responseDate><request verb="GetRecord" identifier="oai:riuma.uma.es:10630/16831" metadataPrefix="marc">https://riuma.uma.es/rest/oai/request</request><GetRecord><record><header><identifier>oai:riuma.uma.es:10630/16831</identifier><datestamp>2026-02-03T12:46:46Z</datestamp><setSpec>com_10630_2254</setSpec><setSpec>col_10630_37957</setSpec></header><metadata><record xmlns="http://www.loc.gov/MARC21/slim" xmlns:dcterms="http://purl.org/dc/terms/" xmlns:doc="http://www.lyncode.com/xoai" xmlns:xsi="http://www.w3.org/2001/XMLSchema-instance" xsi:schemaLocation="http://www.loc.gov/MARC21/slim http://www.loc.gov/standards/marcxml/schema/MARC21slim.xsd">
   <leader>00925njm 22002777a 4500</leader>
   <datafield ind2=" " ind1=" " tag="042">
      <subfield code="a">dc</subfield>
   </datafield>
   <datafield ind2=" " ind1=" " tag="720">
      <subfield code="a">Franco-Caballero, Pablo Daniel</subfield>
      <subfield code="e">author</subfield>
   </datafield>
   <datafield ind2=" " ind1=" " tag="260">
      <subfield code="c">2018-02-22</subfield>
   </datafield>
   <datafield ind2=" " ind1=" " tag="520">
      <subfield code="a">Debido a las mejoras en la calidad de vida general y la sanidad en particular, se ha logrado que la esperanza media de vida sea, a nivel mundial, superior a 70 años y, en países desarrollados, superior a 80 años. Esto ha supuesto que se desarrolle una línea de investigación sobre cómo se puede envejecer de manera saludable y de calidad para poder disfrutar la etapa adulta mayor de nuestras vidas, describiendo aquellos factores que, según los autores actuales, influyen en un correcto envejecimiento.&#xd;
Esta tesis doctoral procura dar respuesta a cuales de esos factores influyen en mayor o menor medida para poder hacer énfasis en las diferentes campañas a un envejecimiento óptimo.</subfield>
   </datafield>
   <datafield ind1="8" ind2=" " tag="024">
      <subfield code="a">https://hdl.handle.net/10630/16831</subfield>
   </datafield>
   <datafield tag="653" ind2=" " ind1=" ">
      <subfield code="a">Educación - Tesis doctorales</subfield>
   </datafield>
   <datafield ind2="0" ind1="0" tag="245">
      <subfield code="a">Modelización del Envejecimiento Activo</subfield>
   </datafield>
</record>
</metadata></record></GetRecord></OAI-PMH>